| 000 | 00568nam a2200193 a 4500 | ||
|---|---|---|---|
| 001 | 1314 | ||
| 005 | 20140414131924.0 | ||
| 008 | 030416s19uu xx 00 eng d | ||
| 020 | _a0-448-19076-1 | ||
| 050 |
_aER _bW37 1986 |
||
| 100 | _aTufts, Mary L. | ||
| 245 |
_aWee kitten, The : who sucked her thumb / _cby Mary L. Tufts ; illustrated by Lucinda McQueen. |
||
| 260 |
_aNew York : _bPlatt & Munk, _c1986. |
||
| 300 | _a1 v. p. : ill. ; cm. | ||
| 440 | _aAll aboard books | ||
| 650 |
_aThumb sucking _xFiction. |
||
| 650 |
_aHumor _xFiction. |
||
| 999 |
_c111931 _d111931 |
||